000 00777cam a2200265 4500500
005 20260329003532.0
041 _afre
042 _adc
100 1 0 _ade Oliveira, Victorine
_eauthor
245 0 0 _aAlbert Einstein. Le monde est-il vraiment compréhensible ?
260 _c2015.
500 _a48
690 _aAlbert Einstein
690 _aÉtienne Klein
690 _aFrançoise Balibar
690 _aObservation
690 _aphilo
690 _aPhilosophief
690 _aPhysique
690 _aRéel
690 _aRelativité
690 _aScience
786 0 _nPhilosophie magazine | 95 | 12-1 | 2015-12-01 | p. 71-71 | 1951-1787
856 4 1 _uhttps://shs.cairn.info/magazine-philosophie-magazine-2015-12-1-page-71?lang=fr&redirect-ssocas=7080
999 _c1825384
_d1825384